| 000 | 00828nam a2200205 a 4500 | ||
|---|---|---|---|
| 003 | 0 | ||
| 005 | 20250523154445.0 | ||
| 008 | 021127s19uu xx 00 eng d | ||
| 050 |
_aPGS LB 1050.8 _b.B864 2001 |
||
| 100 | _aBrock, Patricia Mary. | ||
| 245 |
_aA survey on the effects of cellular phones on the studies of grade 6 students / _cPatricia Mary Brock. |
||
| 260 |
_aLas PiƱas City, Philippines : _bSouthville International School and Colleges, _c2001. |
||
| 300 |
_a29 pages : _billustrations ; _c28 cm. |
||
| 504 | _aIncludes bibliographical references. | ||
| 650 |
_aCellular telephones _vSocial aspects. |
||
| 650 |
_aStudents _vStudy habits. |
||
| 650 |
_aCellular telephones _vEffect of technological innovations on education. |
||
| 650 |
_aMobile communication systems _vSocial aspects. |
||
| 942 |
_2lcc _cPASS |
||
| 999 |
_c96487 _d96487 |
||